Tục cưới hỏi của người Cao Lan - Sán Chí ở Bắc Giang
Khái quát về tộc người, tục cưới hỏi và thơ ca dân gian trong đám cưới của người Cao Lan - Sán Chí ở Bắc Giang.
সংরক্ষণ করুন:
| প্রধান লেখক: | |
|---|---|
| বিন্যাস: | গ্রন্থ |
| ভাষা: | Vietnamese |
| প্রকাশিত: |
H.
Mỹ thuật
2016
|
| বিষয়গুলি: | |
| ট্যাগগুলো: |
ট্যাগ যুক্ত করুন
কোনো ট্যাগ নেই, প্রথমজন হিসাবে ট্যাগ করুন!
|
| Thư viện lưu trữ: | Mạng thư viện Đại học Đà Nẵng |
|---|
| LEADER | 01670nam a2200397 4500 | ||
|---|---|---|---|
| 001 | 000024738 | ||
| 003 | 21227 | ||
| 005 | 20170223080237.0 | ||
| 008 | 170111s2016 viesd | ||
| 041 | 0 | |a vie | |
| 082 | 1 | 4 | |a 392.50959725 |b NG-M |
| 100 | 1 | |a Nguyễn Thu Minh | |
| 245 | 1 | 0 | |a Tục cưới hỏi của người Cao Lan - Sán Chí ở Bắc Giang |c Nguyễn Thu Minh |
| 260 | |a H. |b Mỹ thuật |c 2016 | ||
| 300 | |a 398 tr. |b hình ảnh |c 21 cm. | ||
| 500 | |a ĐTTS ghi: Hội Văn nghệ dân gian Việt Nam | ||
| 504 | |a Thư mục: tr. 391-392 | ||
| 520 | 3 | |a Khái quát về tộc người, tục cưới hỏi và thơ ca dân gian trong đám cưới của người Cao Lan - Sán Chí ở Bắc Giang. | |
| 650 | 0 | 4 | |a Phong tục cưới hỏi |x Dân tộc Cao Lan - Sán Chí |z Bắc Giang (Việt Nam) |
| 650 | 0 | 4 | |a Văn hóa dân gian |x Hôn nhân |x Dân tộc Cao Lan - Sán Chí |z Bắc Giang (Việt Nam) |
| 650 | 0 | 4 | |a Phong tục tập quán |x Hôn nhân |x Dân tộc Cao Lan - Sán Chí |z Bắc Giang (Việt Nam) |
| 653 | |a Dân tộc Cao Lan | ||
| 653 | |a Dân tộc Sán Chí | ||
| 653 | |a Hôn lễ | ||
| 653 | |a Phong tục tập quán | ||
| 653 | |a Bắc Giang | ||
| OWN | |a LSP | ||
| AVA | |a UDN50 |b LSP |d 392.50959725 NG-M |e available |t Error 5001 Not defined in file expand_doc_bib_avail. |f 1 |g 0 |h N |i 0 |k 1 | ||
| 999 | |a From the UDN01 | ||
| AVA | |a UDN50 |b LSP |d 392.50959725 NG-M |e available |t Error 5001 Not defined in file expand_doc_bib_avail. |f 1 |g 0 |h N |i 0 |k 1 | ||
| TYP | |a Monograph | ||
| TYP | |a Printed language | ||
| 980 | |a Mạng thư viện Đại học Đà Nẵng | ||